Posudzovanie intergratibility materských škôl v procese predškolskej integrácie

Bibliographic Details
Main Authors: Kováčová, Barbora, 1975- (Author), Blesáková, Blanka (Author)
Format: Article
Language:Slovak
PhysicalDescription:grafy, tab.
Subjects:

MARC

LEADER 00000nab a2200000 a 4500
001 vtls009188000
003 SK-MaSNL
005 20260304170023.0
008 250506c20072008xo mr|p|||n |000 b|slo
015 |a SNBRB2008/02 
035 |a (uuid)c68fe5e2-3e78-4240-bb5a-28fa0d01a56f 
035 |a urn:nbn:sk:snk-abc39m 
035 |a (urnnbn)urn:nbn:sk:snk:ar-002gly 
038 |a SPK 
040 |a SNKBUCL  |b slo  |c SNKBUCL  |e AACR2 
041 0 |a slo 
044 |a xo  |c SK 
072 7 |a 373.2/.3  |x Predškolská a primárna výchova a vzdelávanie  |2 konspekt 
072 7 |a 316.4  |x Sociálne procesy  |2 konspekt 
080 |a 373.24  |2 1997 
080 |a 316.4.063.3  |2 1997 
100 1 |a Kováčová, Barbora,  |d 1975-,  |4 aut  |9 213679 
245 1 0 |a Posudzovanie intergratibility materských škôl v procese predškolskej integrácie 
300 |b grafy, tab. 
504 |a Bibliogr. odkazy 
650 0 7 |a materské školy  |2 snkbucl  |9 1278 
650 0 7 |a integrácia  |2 spk  |9 24105 
700 1 |a Blesáková, Blanka,  |4 aut  |9 1496929 
773 0 |t Predškolská výchova  |g Roč. 62, č. 3 (2007/2008), s. 10-17 
850 |a Slovenská národná knižnica 
852 |a Slovenská národná knižnica 
954 |a odborná, vedecká literatúra pôvodná (slovenská)  |2 lita 
958 |a article15 
958 |a NB  |2 spk 
958 |a OND 
958 |a EUIPO 
999 |c 2986702  |d 2988632